000 00212nam a22000857a 4500
008 161125b xxu||||| |||| 00| 0 eng d
100 _91448
_aCBSE
245 _aEnvironmental education 1-IX
260 _aDelhi
_bCBSE
_c2006
999 _c4172
_d4172